[Event "Liga Madrileña - DH 2018-2019"]
[Site "Madrid ESP"]
[Date "2019.03.02"]
[Round "12.5"]
[White "Renteria Becerra, Jorge Elicer"]
[Black "De la Orden Alcocer, Alejandro"]
[Result "1-0"]
[WhiteElo "2254"]
[BlackElo "1964"]
[PlyCount "115"]
[EventDate "2018.11.18"]
[EventType "team-tourn"]
[EventRounds "14"]
[EventCountry "ESP"]
[SourceTitle "Ajedrez en Madrid"]
[Source "lmi"]
[SourceDate "2018.11.18"]
[SourceVersion "1"]
[SourceVersionDate "2019.04.02"]
[SourceQuality "1"]
[WhiteTeam "Blanco y Negro"]
[BlackTeam "San Fernando de Henares"]
[WhiteTeamCountry "ESP"]
[BlackTeamCountry "ESP"]

1. Nf3 g6 2. d4 d5 3. c4 Nf6 4. cxd5 Bg7 5. Nc3 Nxd5 6. e4 Nxc3 7. bxc3 c5 8.
Bb5+ Bd7 9. Bc4 O-O 10. Ne5 cxd4 11. cxd4 Be8 12. Bd5 Nc6 13. O-O Nxe5 14. dxe5
Bb5 15. Re1 Bxe5 16. Bh6 e6 17. Bxf8 Bxa1 18. Qxa1 Qxf8 19. Bb3 Rd8 20. Qf6 Rd2
21. h4 Qd8 22. Qf4 h5 23. Rc1 Bc6 24. Bd5 Rxd5 25. exd5 Qxd5 26. Qg5 Qxg5 27.
hxg5 Kf8 28. f4 Ke7 29. Kf2 Kd6 30. Re1 a5 31. g3 Bd5 32. Rb1 Kc5 33. Ke3 b5
34. a3 b4 35. axb4+ axb4 36. Kd3 b3 37. Kc3 Kd6 38. Ra1 Ke7 39. Ra7+ Kf8 40.
Rc7 Kg7 41. Rc8 Bb7 42. Rb8 Bd5 43. Rd8 Kh7 44. Kd4 Kg7 45. Ke5 Bf3 46. Kd6 Be4
47. Rb8 Bc2 48. Ke7 Bd1 49. Rf8 Bf3 50. Rxf7+ Kg8 51. Rf8+ Kg7 52. Rb8 Bd5 53.
Rb4 Bf3 54. Rxb3 Bg4 55. Rb8 Bf5 56. Rf8 Be4 57. Rf7+ Kg8 58. Kf6 1-0

[Event "Liga Madrileña - DH 2018-2019"]
[Site "Madrid ESP"]
[Date "2019.03.03"]
[Round "12.1"]
[White "Valles Moreno, Ivan"]
[Black "Iturrizaga Bonelli, Eduardo"]
[Result "0-1"]
[WhiteElo "2409"]
[BlackElo "2639"]
[PlyCount "72"]
[EventDate "2018.11.18"]
[EventType "team-tourn"]
[EventRounds "14"]
[EventCountry "ESP"]
[SourceTitle "Ajedrez en Madrid"]
[Source "lmi"]
[SourceDate "2018.11.18"]
[SourceVersion "1"]
[SourceVersionDate "2019.04.02"]
[SourceQuality "1"]
[WhiteTeam "Liberty Chess"]
[BlackTeam "Collado Villalba"]
[WhiteTeamCountry "ESP"]
[BlackTeamCountry "ESP"]

1. Nf3 Nf6 2. c4 b6 3. d4 Bb7 4. e3 g6 5. Bd3 Bg7 6. Nc3 d5 7. cxd5 Nxd5 8. Qb3
Nxc3 9. bxc3 O-O 10. Ba3 c5 11. Rd1 Qc7 12. h4 Nc6 13. dxc5 bxc5 14. h5 Na5 15.
Qc2 Rad8 16. hxg6 hxg6 17. O-O Rd5 18. Be4 Rh5 19. Rb1 Bc8 20. Rfd1 Nc4 21. Qa4
Nd6 22. Bd5 Bf6 23. Qf4 Kg7 24. g4 g5 25. Qg3 Rh6 26. e4 e5 27. Bc1 Rfh8 28.
Bxg5 Bxg5 29. Nxg5 Qe7 30. Nf3 Rh3 31. Qxe5+ Qxe5 32. Nxe5 f6 33. Nc4 Bxg4 34.
Nxd6 Bf3 35. Rb7+ Kg6 36. Bf7+ Kh6 0-1

[Event "Liga Madrileña - DH 2018-2019"]
[Site "Madrid ESP"]
[Date "2019.03.03"]
[Round "12.2"]
[White "Vazquez Igarza, Renier"]
[Black "Garcia Cuenca, Victor Manuel"]
[Result "1/2-1/2"]
[WhiteElo "2552"]
[BlackElo "2353"]
[PlyCount "150"]
[EventDate "2018.11.18"]
[EventType "team-tourn"]
[EventRounds "14"]
[EventCountry "ESP"]
[SourceTitle "Ajedrez en Madrid"]
[Source "lmi"]
[SourceDate "2018.11.18"]
[SourceVersion "1"]
[SourceVersionDate "2019.04.02"]
[SourceQuality "1"]
[WhiteTeam "Collado Villalba"]
[BlackTeam "Liberty Chess"]
[WhiteTeamCountry "ESP"]
[BlackTeamCountry "ESP"]

1. Nf3 c5 2. c4 Nc6 3. Nc3 g6 4. e3 Bg7 5. d4 d6 6. Be2 Bg4 7. d5 Na5 8. Bd2
Nf6 9. h3 Bxf3 10. Bxf3 O-O 11. Be2 a6 12. O-O e6 13. e4 exd5 14. exd5 Re8 15.
Re1 Nd7 16. Bf1 Ne5 17. b3 Qc7 18. Ne4 b6 19. Rb1 Nd7 20. Qc2 Re7 21. Bg5 f6
22. Bf4 Nb7 23. Re2 Rae8 24. Rbe1 Ne5 25. Bc1 Nd7 26. h4 Nd8 27. h5 Nf7 28.
hxg6 hxg6 29. Ng3 Nf8 30. Ne4 f5 31. Ng5 Nxg5 32. Bxg5 Rxe2 33. Rxe2 Qd7 34.
Rxe8 Qxe8 35. Qe2 Kf7 36. g4 Qxe2 37. Bxe2 Bf6 38. Bd2 Be5 39. f4 Bd4+ 40. Kg2
Nd7 41. Kf3 Nf6 42. gxf5 gxf5 43. Bd3 Kg6 44. Be1 Ng4 45. b4 cxb4 46. Bxb4 Bc5
47. Bd2 Nf2 48. Bc2 Ng4 49. Ba4 Nf6 50. Bc3 Kf7 51. Be1 a5 52. Bh4 Kg6 53. Bc6
Ne4 54. Be8+ Kg7 55. Bb5 Nc3 56. a4 Ne4 57. Bd8 Kf7 58. Bd7 Kg6 59. Be8+ Kg7
60. Kg2 Nd2 61. Bb5 Ne4 62. Kh3 Bf2 63. Bd7 Kg6 64. Be8+ Kg7 65. Bh5 Nc3 66.
Be7 Kh6 67. Bf7 Ne4 68. Bf8+ Kh7 69. Bh5 Kg8 70. Be7 Kg7 71. Be8 Kh6 72. Bf8+
Kh7 73. Kg2 Bc5 74. Bf7 Be3 75. Kf3 Bc5 1/2-1/2

[Event "Liga Madrileña - DH 2018-2019"]
[Site "Madrid ESP"]
[Date "2019.03.03"]
[Round "12.3"]
[White "Fernandez Garcia, Miguel Angel"]
[Black "Moreno Ruiz, Javier"]
[Result "0-1"]
[WhiteElo "2287"]
[BlackElo "2467"]
[PlyCount "60"]
[EventDate "2018.11.18"]
[EventType "team-tourn"]
[EventRounds "14"]
[EventCountry "ESP"]
[SourceTitle "Ajedrez en Madrid"]
[Source "lmi"]
[SourceDate "2018.11.18"]
[SourceVersion "1"]
[SourceVersionDate "2019.04.02"]
[SourceQuality "1"]
[WhiteTeam "Liberty Chess"]
[BlackTeam "Collado Villalba"]
[WhiteTeamCountry "ESP"]
[BlackTeamCountry "ESP"]

1. d4 Nf6 2. c4 g6 3. Nc3 Bg7 4. Nf3 O-O 5. Bf4 d6 6. h3 Nbd7 7. e3 b6 8. Be2
Bb7 9. O-O Ne4 10. Nxe4 Bxe4 11. Nd2 Bb7 12. Bh2 c5 13. Bf3 Qc7 14. Bxb7 Qxb7
15. Nf3 b5 16. cxb5 Qxb5 17. b3 Rfc8 18. Rc1 Qa6 19. Qd2 Nf6 20. Rc4 Ne4 21.
Qc2 d5 22. Ra4 Qb7 23. Qd3 cxd4 24. exd4 a5 25. Bf4 Nc3 26. Ra3 Qb5 27. Qxb5
Nxb5 28. Ra4 Nc3 29. Re1 Nxa4 30. bxa4 e6 0-1

[Event "Liga Madrileña - DH 2018-2019"]
[Site "Madrid ESP"]
[Date "2019.03.03"]
[Round "12.4"]
[White "Suarez Uriel, Adrian"]
[Black "Sanchez Gonzalez, Sergio"]
[Result "1-0"]
[WhiteElo "2395"]
[BlackElo "2297"]
[PlyCount "55"]
[EventDate "2018.11.18"]
[EventType "team-tourn"]
[EventRounds "14"]
[EventCountry "ESP"]
[SourceTitle "Ajedrez en Madrid"]
[Source "lmi"]
[SourceDate "2018.11.18"]
[SourceVersion "1"]
[SourceVersionDate "2019.04.02"]
[SourceQuality "1"]
[WhiteTeam "Collado Villalba"]
[BlackTeam "Liberty Chess"]
[WhiteTeamCountry "ESP"]
[BlackTeamCountry "ESP"]

1. e4 c5 2. Nf3 e6 3. d4 cxd4 4. Nxd4 Nf6 5. Nc3 d6 6. g4 h6 7. Rg1 Nc6 8. Be3
a6 9. h4 h5 10. gxh5 Nxh5 11. Qd2 Qc7 12. O-O-O Ne5 13. f4 Nc4 14. Bxc4 Qxc4
15. f5 e5 16. Nf3 Nf6 17. Nxe5 Qb4 18. a3 Qa5 19. Nc4 Qc7 20. Nb6 Rb8 21. Nbd5
Nxd5 22. Nxd5 Qc4 23. Ba7 Ra8 24. Bd4 Bd7 25. b3 Qc6 26. Bxg7 Bxg7 27. Rxg7 Rc8
28. Rdg1 1-0

[Event "Liga Madrileña - DH 2018-2019"]
[Site "Madrid ESP"]
[Date "2019.03.03"]
[Round "12.5"]
[White "Moreno Ibañez, Miguel"]
[Black "Martin Duque, Jesus"]
[Result "0-1"]
[WhiteElo "2275"]
[BlackElo "2347"]
[PlyCount "108"]
[EventDate "2018.11.18"]
[EventType "team-tourn"]
[EventRounds "14"]
[EventCountry "ESP"]
[SourceTitle "Ajedrez en Madrid"]
[Source "lmi"]
[SourceDate "2018.11.18"]
[SourceVersion "1"]
[SourceVersionDate "2019.04.02"]
[SourceQuality "1"]
[WhiteTeam "Liberty Chess"]
[BlackTeam "Collado Villalba"]
[WhiteTeamCountry "ESP"]
[BlackTeamCountry "ESP"]

1. Nf3 d5 2. g3 Bg4 3. Bg2 Nd7 4. O-O Ngf6 5. c4 e6 6. d3 c6 7. Nc3 Bxf3 8.
exf3 g6 9. Rb1 Bg7 10. b4 O-O 11. Qb3 a6 12. f4 Re8 13. Bb2 Nb6 14. Rfd1 Nc8
15. Ne2 Nd6 16. Nd4 Ng4 17. h3 Nh6 18. g4 Kh8 19. Nf3 Ng8 20. Ne5 f6 21. Nf3
Qd7 22. Re1 Nf7 23. g5 Qc7 24. gxf6 Nxf6 25. Ne5 Nh5 26. Qc3 Nxe5 27. fxe5 Nf4
28. Bc1 Nxg2 29. Kxg2 Rf8 30. cxd5 Qf7 31. f4 cxd5 32. Be3 Rac8 33. Qd2 g5 34.
Rf1 gxf4 35. Rxf4 Qh5 36. Rg4 Bxe5 37. Rc1 Rxc1 38. Qxc1 Qf5 39. Qd1 Rg8 40.
Qe2 h5 41. Rxg8+ Kxg8 42. Bf2 Bd6 43. a3 Kf7 44. Qe3 Be7 45. Bg3 Qg5 46. Qf2+
Kg6 47. Kh2 Qf5 48. Qg2 Kf7 49. Qe2 b5 50. Be5 Bf6 51. Bg3 e5 52. Qe3 h4 53.
Be1 d4 54. Qe2 Bg5 0-1

[Event "Liga Madrileña - DH 2018-2019"]
[Site "Madrid ESP"]
[Date "2019.03.03"]
[Round "12.6"]
[White "Quispe Arteaga, Gabriel"]
[Black "Martin Rueda, Daniel"]
[Result "1-0"]
[WhiteElo "2360"]
[BlackElo "2265"]
[PlyCount "77"]
[EventDate "2018.11.18"]
[EventType "team-tourn"]
[EventRounds "14"]
[EventCountry "ESP"]
[SourceTitle "Ajedrez en Madrid"]
[Source "lmi"]
[SourceDate "2018.11.18"]
[SourceVersion "1"]
[SourceVersionDate "2019.04.02"]
[SourceQuality "1"]
[WhiteTeam "Collado Villalba"]
[BlackTeam "Liberty Chess"]
[WhiteTeamCountry "ESP"]
[BlackTeamCountry "ESP"]

1. Nf3 d5 2. g3 c6 3. Bg2 Bg4 4. c4 e6 5. O-O Nd7 6. d3 Ngf6 7. Qb3 Qb6 8. Qc2
Be7 9. Nc3 O-O 10. Be3 Qa6 11. b3 Rac8 12. a4 e5 13. Bc1 Rfe8 14. Bb2 Bf8 15.
h3 Bh5 16. Nh4 d4 17. Ne4 Nxe4 18. Bxe4 Nc5 19. Bf5 Ne6 20. a5 Bg6 21. Bg4 Rcd8
22. Ba3 c5 23. Bc1 Be7 24. Nxg6 hxg6 25. Bf3 g5 26. Bd2 g6 27. Rfb1 Kg7 28. b4
Rh8 29. b5 Qd6 30. b6 a6 31. Bxb7 Rxh3 32. Bg2 Rh7 33. b7 Qb8 34. Rb6 Nc7 35.
Rab1 g4 36. Qa4 Rdh8 37. Qd7 Bf6 38. Rc6 Qg8 39. Rxc7 1-0

[Event "Liga Madrileña - DH 2018-2019"]
[Site "Madrid ESP"]
[Date "2019.03.10"]
[Round "13.1"]
[White "Olazagoitia Rodriguez, Jose Luis"]
[Black "Moreno Trujillo, Alejandro"]
[Result "0-1"]
[WhiteElo "2191"]
[BlackElo "2518"]
[PlyCount "122"]
[EventDate "2018.11.18"]
[EventType "team-tourn"]
[EventRounds "14"]
[EventCountry "ESP"]
[SourceTitle "Ajedrez en Madrid"]
[Source "lmi"]
[SourceDate "2018.11.18"]
[SourceVersion "1"]
[SourceVersionDate "2019.04.02"]
[SourceQuality "1"]
[WhiteTeam "San Sebastian de los Reyes"]
[BlackTeam "64 Villalba"]
[WhiteTeamCountry "ESP"]
[BlackTeamCountry "ESP"]

1. e4 e6 2. d4 d5 3. exd5 exd5 4. Bd3 Nc6 5. Ne2 Bd6 6. Nbc3 Be6 7. Be3 Nb4 8.
Nf4 Nf6 9. a3 Nxd3+ 10. Qxd3 c6 11. f3 Qc7 12. Nce2 Bd7 13. Qd2 O-O-O 14. O-O-O
Rhe8 15. h4 Re7 16. Bf2 Rde8 17. Rde1 h5 18. Nd3 Bf5 19. Nef4 Rxe1+ 20. Rxe1
Rxe1+ 21. Bxe1 Qe7 22. Bf2 g6 23. Qe3 Qxe3+ 24. Bxe3 Nd7 25. Nf2 Nf8 26. g4
hxg4 27. fxg4 Bd7 28. Kd2 Nh7 29. Ke2 Be7 30. Ng2 b6 31. Kf3 Kd8 32. Nd3 f6 33.
Bf4 a5 34. Ne3 Nf8 35. h5 Be8 36. hxg6 Bxg6 37. Nf5 Ne6 38. c3 Kd7 39. Bh6 Bd6
40. Nf4 Bxf4 41. Bxf4 a4 42. Ng3 Bc2 43. Nh5 Ke7 44. Ng3 Bd1+ 45. Ke3 Bxg4 46.
Nh1 Kd7 47. Nf2 Bf5 48. Nh1 c5 49. Ng3 Bg4 50. Nf1 Kc6 51. Nd2 Bd1 52. Bh6 Bh5
53. Bf4 Bg4 54. Bh6 Bd1 55. Nf1 Kb5 56. Nd2 Bc2 57. Nf1 Kc6 58. Nd2 Kd7 59. Bf4
Ng7 60. Bb8 Nf5+ 61. Kf4 cxd4 0-1

[Event "Liga Madrileña - DH 2018-2019"]
[Site "Madrid ESP"]
[Date "2019.03.10"]
[Round "13.2"]
[White "Pulvett Marin, Daniel Eduardo"]
[Black "Reyes Peñas, Sebastian"]
[Result "1-0"]
[WhiteElo "2459"]
[BlackElo "2209"]
[PlyCount "45"]
[EventDate "2018.11.18"]
[EventType "team-tourn"]
[EventRounds "14"]
[EventCountry "ESP"]
[SourceTitle "Ajedrez en Madrid"]
[Source "lmi"]
[SourceDate "2018.11.18"]
[SourceVersion "1"]
[SourceVersionDate "2019.04.02"]
[SourceQuality "1"]
[WhiteTeam "64 Villalba"]
[BlackTeam "San Sebastian de los Reyes"]
[WhiteTeamCountry "ESP"]
[BlackTeamCountry "ESP"]

1. d4 Nf6 2. c4 e6 3. Nc3 Bb4 4. g3 O-O 5. Bg2 d6 6. Nf3 Qe7 7. O-O Bxc3 8.
bxc3 Nbd7 9. Re1 e5 10. e4 Re8 11. a4 b6 12. Nh4 Qe6 13. Nf5 Qxc4 14. Bf1 Qxc3
15. Ra3 Qc6 16. Bb5 Qb7 17. d5 Nc5 18. Bc6 Qb8 19. Bxe8 Nxe8 20. Ne7+ Kf8 21.
Nc6 Qb7 22. Nd8 Qb8 23. Qh5 1-0

[Event "Liga Madrileña - DH 2018-2019"]
[Site "Madrid ESP"]
[Date "2019.03.10"]
[Round "13.3"]
[White "Alfaya Marcelo, Roberto"]
[Black "Khamrakulov, Ibragim S"]
[Result "0-1"]
[WhiteElo "2143"]
[BlackElo "2444"]
[PlyCount "88"]
[EventDate "2018.11.18"]
[EventType "team-tourn"]
[EventRounds "14"]
[EventCountry "ESP"]
[SourceTitle "Ajedrez en Madrid"]
[Source "lmi"]
[SourceDate "2018.11.18"]
[SourceVersion "1"]
[SourceVersionDate "2019.04.02"]
[SourceQuality "1"]
[WhiteTeam "San Sebastian de los Reyes"]
[BlackTeam "64 Villalba"]
[WhiteTeamCountry "ESP"]
[BlackTeamCountry "ESP"]

1. Nf3 c5 2. g3 Nc6 3. c4 g6 4. Bg2 Bg7 5. O-O e6 6. Nc3 Nge7 7. d3 d5 8. cxd5
exd5 9. Rb1 O-O 10. a3 Bf5 11. Bd2 Qd7 12. Re1 c4 13. e4 dxe4 14. dxe4 Bg4 15.
Be3 Qc8 16. Qa4 a6 17. Qxc4 Bxf3 18. Bxf3 Nd4 19. Be2 Nf3+ 20. Kg2 Nxe1+ 21.
Rxe1 Qxc4 22. Bxc4 Rfc8 23. Bf1 Bxc3 24. bxc3 Rxc3 25. a4 Rd8 26. Rb1 Rd7 27.
Be2 h5 28. g4 hxg4 29. Bxg4 f5 30. Bf3 Kf7 31. Bg5 fxe4 32. Bxe4 Rc4 33. f3
Rxa4 34. Bxb7 a5 35. Be4 Rb4 36. Rh1 a4 37. h4 a3 38. h5 gxh5 39. Rxh5 a2 40.
Rh7+ Kg8 41. Bf6 Rb1 42. Rxe7 Rxe7 43. Bd5+ Kf8 44. Bxa2 Re2+ 0-1

[Event "Liga Madrileña - DH 2018-2019"]
[Site "Madrid ESP"]
[Date "2019.03.10"]
[Round "13.5"]
[White "Guillo Longares, Cecilia"]
[Black "Longa Yauca, Javier"]
[Result "1/2-1/2"]
[WhiteElo "1935"]
[BlackElo "2248"]
[PlyCount "44"]
[EventDate "2018.11.18"]
[EventType "team-tourn"]
[EventRounds "14"]
[EventCountry "ESP"]
[SourceTitle "Ajedrez en Madrid"]
[Source "lmi"]
[SourceDate "2018.11.18"]
[SourceVersion "1"]
[SourceVersionDate "2019.04.02"]
[SourceQuality "1"]
[WhiteTeam "San Sebastian de los Reyes"]
[BlackTeam "64 Villalba"]
[WhiteTeamCountry "ESP"]
[BlackTeamCountry "ESP"]

1. d4 Nf6 2. c4 e6 3. Nf3 Nc6 4. g3 b6 5. Bg2 Bb7 6. O-O d5 7. b3 Ne4 8. Bb2
Be7 9. Nc3 f5 10. Rc1 O-O 11. Ne5 Nxe5 12. dxe5 c5 13. Nxe4 fxe4 14. Bh3 Kh8
15. e3 d4 16. exd4 cxd4 17. Bxd4 Bg5 18. Be3 Bxe3 19. fxe3 Qg5 20. Rf4 Rad8 21.
Qg4 Qxe5 22. Qxe6 Qc5 1/2-1/2

[Event "Liga Madrileña - DH 2018-2019"]
[Site "Madrid ESP"]
[Date "2019.03.10"]
[Round "13.6"]
[White "Blasco de la Cruz, Luis"]
[Black "Guillo Sanchez Galiano, Ernesto"]
[Result "1-0"]
[WhiteElo "1922"]
[BlackElo "1347"]
[PlyCount "93"]
[EventDate "2018.11.18"]
[EventType "team-tourn"]
[EventRounds "14"]
[EventCountry "ESP"]
[SourceTitle "Ajedrez en Madrid"]
[Source "lmi"]
[SourceDate "2018.11.18"]
[SourceVersion "1"]
[SourceVersionDate "2019.04.02"]
[SourceQuality "1"]
[WhiteTeam "64 Villalba"]
[BlackTeam "San Sebastian de los Reyes"]
[WhiteTeamCountry "ESP"]
[BlackTeamCountry "ESP"]

1. e4 c5 2. Nf3 Nc6 3. c4 g6 4. d4 cxd4 5. Nxd4 Bg7 6. Be3 d6 7. Nc3 Nf6 8. Be2
O-O 9. O-O a6 10. Rc1 Bd7 11. Qd2 Ng4 12. Bxg4 Bxg4 13. f3 Bd7 14. Rfd1 b6 15.
Nd5 Nxd4 16. Bxd4 Bxd4+ 17. Qxd4 Rb8 18. b4 Be6 19. Rd3 Bxd5 20. cxd5 Rc8 21.
Rdc3 Rxc3 22. Rxc3 b5 23. Qa7 a5 24. bxa5 Re8 25. Rc7 Kf8 26. a6 Qb8 27. Qxb8
Rxb8 28. a7 Ra8 29. Rb7 Kg7 30. Rxe7 b4 31. Rc7 Kf6 32. Kf2 h5 33. Ke3 g5 34.
g3 Kg6 35. Kd4 f5 36. Rd7 g4 37. fxg4 fxe4 38. gxh5+ Kxh5 39. Kxe4 Kg4 40. Kd4
Kh3 41. Kc4 Kxh2 42. Kxb4 Kxg3 43. Kb5 Kf4 44. Kc6 Ke5 45. Re7+ Kd4 46. Kxd6
Rd8+ 47. Rd7 1-0

[Event "Liga Madrileña - DH 2018-2019"]
[Site "Madrid ESP"]
[Date "2019.03.09"]
[Round "13.1"]
[White "Bolado Saez, Sergio"]
[Black "Garcia Cuenca, Victor Manuel"]
[Result "1/2-1/2"]
[WhiteElo "2370"]
[BlackElo "2353"]
[PlyCount "99"]
[EventDate "2018.11.18"]
[EventType "team-tourn"]
[EventRounds "14"]
[EventCountry "ESP"]
[SourceTitle "Ajedrez en Madrid"]
[Source "lmi"]
[SourceDate "2018.11.18"]
[SourceVersion "1"]
[SourceVersionDate "2019.04.02"]
[SourceQuality "1"]
[WhiteTeam "Blanco y Negro"]
[BlackTeam "Liberty Chess"]
[WhiteTeamCountry "ESP"]
[BlackTeamCountry "ESP"]

1. d4 Nf6 2. c4 c5 3. d5 b5 4. cxb5 a6 5. e3 g6 6. Nc3 Bg7 7. Nf3 O-O 8. a4
axb5 9. Bxb5 Na6 10. e4 d6 11. h3 Nc7 12. Bd3 Ba6 13. O-O Nd7 14. Bf4 Qb8 15.
Ra2 Qb4 16. Bxa6 Rxa6 17. Qc2 Rb8 18. Rfa1 Nb6 19. Bd2 Nc4 20. Be1 Qb7 21. a5
Ra7 22. Nd1 Qb5 23. Nd2 Ne5 24. Nc3 Qd3 25. Qd1 Qa6 26. Na4 Nd3 27. Nf1 Nb4 28.
Bxb4 Rxb4 29. Nc3 Nb5 30. Rc1 Nd4 31. Nd2 Bh6 32. Rb1 Bg7 33. Ra3 Qb7 34. b3 h5
35. Kh1 Qa6 36. Nf1 Nb5 37. Nxb5 Qxb5 38. Ne3 Rxa5 39. Rxa5 Qxa5 40. Qc2 Qb5
41. Nc4 Bd4 42. f4 Kg7 43. Qd3 Qa6 44. Qc2 Rb5 45. e5 dxe5 46. fxe5 Qb7 47. d6
Qd7 48. Rf1 Rb8 49. Qd3 Qe6 50. Qf3 1/2-1/2

[Event "Liga Madrileña - DH 2018-2019"]
[Site "Madrid ESP"]
[Date "2019.03.09"]
[Round "13.3"]
[White "Alarcia Astiz, Carlos"]
[Black "Sanchez Gonzalez, Sergio"]
[Result "0-1"]
[WhiteElo "2285"]
[BlackElo "2297"]
[PlyCount "118"]
[EventDate "2018.11.18"]
[EventType "team-tourn"]
[EventRounds "14"]
[EventCountry "ESP"]
[SourceTitle "Ajedrez en Madrid"]
[Source "lmi"]
[SourceDate "2018.11.18"]
[SourceVersion "1"]
[SourceVersionDate "2019.04.02"]
[SourceQuality "1"]
[WhiteTeam "Blanco y Negro"]
[BlackTeam "Liberty Chess"]
[WhiteTeamCountry "ESP"]
[BlackTeamCountry "ESP"]

1. e4 c5 2. Nf3 e6 3. d4 cxd4 4. Nxd4 Nf6 5. Nc3 d6 6. f4 a6 7. Nf3 Be7 8. Bd3
Nc6 9. O-O Qc7 10. Kh1 b5 11. a3 Bb7 12. Qe1 O-O 13. e5 Nd7 14. exd6 Qxd6 15.
Be3 Nf6 16. Ng5 h6 17. Nge4 Qc7 18. Nc5 Bxc5 19. Bxc5 Rfd8 20. Ne4 Nd5 21. Qh4
Nce7 22. b4 Ng6 23. Qg3 Ndxf4 24. Rf2 e5 25. Raf1 Qc6 26. Nc3 Nxd3 27. cxd3 Rd7
28. Ne4 Nf4 29. Rxf4 exf4 30. Rxf4 Kh8 31. h3 Qe6 32. Qh4 Rxd3 33. Ng5 Qg6 34.
Nxf7+ Kh7 35. Rf2 Qg3 36. Qxg3 Rxg3 37. Nd6 Bc6 38. Kh2 Rxa3 39. Rf4 Rd8 40. h4
Rd3 41. Nf5 Rd2 42. Rg4 g6 43. Ne7 Be8 44. Rf4 Kg7 45. Rg4 h5 46. Rg5 Re2 47.
Bd4+ Rxd4 48. Nf5+ Kf6 49. Nxd4 Re4 50. Nf3 Rxb4 51. Rd5 a5 52. Rd6+ Ke7 53.
Ra6 a4 54. Kg3 Rg4+ 55. Kf2 b4 56. Ne5 Re4 57. Nd3 Bb5 58. Ra7+ Kd6 59. Nc1 b3
0-1

[Event "Liga Madrileña - DH 2018-2019"]
[Site "Madrid ESP"]
[Date "2019.03.09"]
[Round "13.4"]
[White "Moreno Ibañez, Miguel"]
[Black "Shen, Yue"]
[Result "0-1"]
[WhiteElo "2295"]
[BlackElo "2262"]
[PlyCount "94"]
[EventDate "2018.11.18"]
[EventType "team-tourn"]
[EventRounds "14"]
[EventCountry "ESP"]
[SourceTitle "Ajedrez en Madrid"]
[Source "lmi"]
[SourceDate "2018.11.18"]
[SourceVersion "1"]
[SourceVersionDate "2019.04.02"]
[SourceQuality "1"]
[WhiteTeam "Liberty Chess"]
[BlackTeam "Blanco y Negro"]
[WhiteTeamCountry "ESP"]
[BlackTeamCountry "ESP"]

1. e4 c6 2. d4 d5 3. e5 c5 4. dxc5 e6 5. Nf3 Bxc5 6. Bd3 Ne7 7. Qe2 Nbc6 8. a3
a5 9. Bf4 Qb6 10. Ra2 Ng6 11. Bg3 Bd7 12. h4 Nge7 13. h5 Nf5 14. Bxf5 exf5 15.
h6 g6 16. Nc3 Ne7 17. e6 Qxe6 18. Qxe6 fxe6 19. Be5 O-O 20. O-O Rfe8 21. Re1
Nc6 22. Bg7 Nd8 23. Ne5 Bc6 24. Ne2 Nf7 25. Nxf7 Kxf7 26. Nf4 g5 27. Nd3 Bf8
28. Ne5+ Ke7 29. Bxf8+ Rxf8 30. Nf3 g4 31. Nd4 Rf6 32. c3 Kd6 33. Raa1 e5 34.
Nc2 f4 35. Rad1 Ba4 36. Re2 Rxh6 37. Rde1 Bxc2 38. Rxc2 a4 39. Rd2 Ra5 40. Re4
Rh5 41. g3 Rf5 42. Rb4 b5 43. Kg2 f3+ 44. Kh2 Rg5 45. Rd1 Kc5 46. Rb1 Ra6 47.
b3 Rh6+ 0-1

[Event "Liga Madrileña - DH 2018-2019"]
[Site "Madrid ESP"]
[Date "2019.03.09"]
[Round "13.5"]
[White "Renteria Becerra, Jorge Elicer"]
[Black "Perez Gonzalez, Jose Manuel"]
[Result "1/2-1/2"]
[WhiteElo "2254"]
[BlackElo "2221"]
[PlyCount "45"]
[EventDate "2018.11.18"]
[EventType "team-tourn"]
[EventRounds "14"]
[EventCountry "ESP"]
[SourceTitle "Ajedrez en Madrid"]
[Source "lmi"]
[SourceDate "2018.11.18"]
[SourceVersion "1"]
[SourceVersionDate "2019.04.02"]
[SourceQuality "1"]
[WhiteTeam "Blanco y Negro"]
[BlackTeam "Liberty Chess"]
[WhiteTeamCountry "ESP"]
[BlackTeamCountry "ESP"]

1. e4 d6 2. d4 Nf6 3. Nc3 g6 4. f4 Bg7 5. Nf3 c5 6. Bb5+ Bd7 7. e5 Ng4 8. e6
Bxb5 9. exf7+ Kf8 10. Nxb5 Qa5+ 11. Nc3 cxd4 12. Nxd4 Kxf7 13. Qxg4 Bxd4 14.
Bd2 Qf5 15. Qf3 Qe6+ 16. Kd1 Nc6 17. Re1 Qd7 18. Ne4 h6 19. c3 Bg7 20. h4 Rhf8
21. h5 Kg8 22. Ng3 g5 23. Qd5+ 1/2-1/2

[Event "Liga Madrileña - DH 2018-2019"]
[Site "Madrid ESP"]
[Date "2019.03.09"]
[Round "13.6"]
[White "Paredes Sanchez, Juan Antonio"]
[Black "Hidalgo Duque, Carlos"]
[Result "0-1"]
[WhiteElo "2157"]
[BlackElo "2240"]
[PlyCount "90"]
[EventDate "2018.11.18"]
[EventType "team-tourn"]
[EventRounds "14"]
[EventCountry "ESP"]
[SourceTitle "Ajedrez en Madrid"]
[Source "lmi"]
[SourceDate "2018.11.18"]
[SourceVersion "1"]
[SourceVersionDate "2019.04.02"]
[SourceQuality "1"]
[WhiteTeam "Liberty Chess"]
[BlackTeam "Blanco y Negro"]
[WhiteTeamCountry "ESP"]
[BlackTeamCountry "ESP"]

1. e4 c5 2. Nc3 Nc6 3. Nf3 e6 4. d4 cxd4 5. Nxd4 a6 6. g3 Qc7 7. Bg2 Nf6 8. O-O
Be7 9. Nxc6 bxc6 10. Na4 d5 11. exd5 cxd5 12. c4 Bb7 13. Qe2 Bc6 14. Nc3 d4 15.
Bf4 Qb7 16. Bxc6+ Qxc6 17. Nd1 O-O 18. b3 Nd7 19. Nb2 f6 20. Rfe1 e5 21. Nd3 a5
22. Bd2 Bd6 23. f4 Rfe8 24. fxe5 fxe5 25. Qe4 Qxe4 26. Rxe4 Nf6 27. Rae1 Nxe4
28. Rxe4 Kf7 29. Kf2 Ke6 30. Ke2 h5 31. h3 Rf8 32. Be1 g5 33. Bd2 Kf6 34. Be1
Bc7 35. Bd2 Rae8 36. Be1 Kf5 37. Nf2 g4 38. h4 Ke6 39. Nd3 Rf3 40. Bxa5 Kf5 41.
Bxc7 Kxe4 42. Nc5+ Kf5 43. b4 Ra8 44. a4 Rc3 45. Nb7 Rxa4 0-1

[Event "Liga Madrileña - DH 2018-2019"]
[Site "Madrid ESP"]
[Date "2019.03.10"]
[Round "13.1"]
[White "Espinosa Aranda, Angel"]
[Black "Vazquez Igarza, Renier"]
[Result "1/2-1/2"]
[WhiteElo "2480"]
[BlackElo "2552"]
[PlyCount "27"]
[EventDate "2018.11.18"]
[EventType "team-tourn"]
[EventRounds "14"]
[EventCountry "ESP"]
[SourceTitle "Ajedrez en Madrid"]
[Source "lmi"]
[SourceDate "2018.11.18"]
[SourceVersion "1"]
[SourceVersionDate "2019.04.02"]
[SourceQuality "1"]
[WhiteTeam "Virgen de Atocha"]
[BlackTeam "Collado Villalba"]
[WhiteTeamCountry "ESP"]
[BlackTeamCountry "ESP"]

1. Nf3 Nf6 2. c4 b6 3. g3 Bb7 4. Bg2 c5 5. O-O g6 6. Nc3 Bg7 7. d4 cxd4 8. Qxd4
d6 9. b3 O-O 10. Bb2 Nbd7 11. Ne1 Qb8 12. Rc1 Ne4 13. Qe3 Nxc3 14. Bxc3 1/2-1/2